[Event "Continental Class"]
[Site "Arlington USA"]
[Date "2013.10.10"]
[Round "3"]
[White "Cheng, Bindi"]
[Black "Yanayt, Eugene"]
[Result "1-0"]
[WhiteElo "2442"]
[BlackElo "2229"]
[PlyCount "47"]
[EventDate "2013.10.09"]
[EventType "swiss"]
[EventRounds "9"]
[EventCountry "USA"]
[Source "ChessBase"]
[SourceDate "2013.10.22"]

1. e4 c5 2. Nf3 d6 3. c3 Nf6 4. h3 g6 5. Bd3 Bg7 6. Bc2 O-O 7. O-O Nc6 8. d4
cxd4 9. cxd4 d5 10. e5 Ne4 11. Nc3 Nxc3 12. bxc3 Na5 13. Be3 Bd7 14. Rb1 Rc8
15. Bd2 b6 16. Re1 Re8 17. Ng5 e6 18. h4 Nc4 19. Bc1 b5 20. h5 Qa5 21. Nxh7
Kxh7 22. hxg6+ fxg6 23. Qh5+ Kg8 24. Bxg6 1-0

[Event "Continental Class"]
[Site "Arlington USA"]
[Date "2013.10.11"]
[Round "4.6"]
[White "Markzon, Gregory"]
[Black "Cheng, Bindi"]
[Result "1-0"]
[WhiteElo "2197"]
[BlackElo "2442"]
[PlyCount "91"]
[EventDate "2013.10.09"]
[EventType "swiss"]
[EventRounds "9"]
[EventCountry "USA"]
[Source "Mark Crowther"]
[SourceDate "2013.10.14"]

1. d4 Nf6 2. c4 c5 3. d5 e6 4. Nc3 exd5 5. cxd5 d6 6. e4 g6 7. Bd3 Bg7 8. Nge2
O-O 9. O-O Nbd7 10. h3 a6 11. a4 Ne5 12. Bc2 Re8 13. f4 Nc4 14. Ng3 Bd7 15. Qf3
b5 16. b3 b4 17. bxc4 bxc3 18. e5 dxe5 19. fxe5 Rxe5 20. Bf4 Qe8 21. Bxe5 Qxe5
22. Rae1 Qd4+ 23. Kh1 Rf8 24. Ne4 Nxe4 25. Rxe4 Qd2 26. Re2 Qg5 27. Qe3 Qxe3
28. Rxe3 Rd8 29. Rb1 Kf8 30. a5 h5 31. Rb6 Ra8 32. Re2 Bd4 33. Re1 h4 34. Kh2
Re8 35. Rxe8+ Kxe8 36. Rxa6 Kd8 37. Rb6 Be5+ 38. Kg1 Bc7 39. Ra6 Bf5 40. Ra8+
Ke7 41. Bd1 c2 42. Bxc2 Bxc2 43. a6 Kd6 44. a7 Bb6 45. Rd8+ Bxd8 46. a8=Q 1-0

[Event "Continental Class"]
[Site "Arlington USA"]
[Date "2013.10.12"]
[Round "5.7"]
[White "Cheng, Bindi"]
[Black "Gutman, Joshua"]
[Result "1-0"]
[WhiteElo "2442"]
[BlackElo "2133"]
[PlyCount "75"]
[EventDate "2013.10.09"]
[EventType "swiss"]
[EventRounds "9"]
[EventCountry "USA"]
[Source "Mark Crowther"]
[SourceDate "2013.10.14"]

1. Nf3 c5 2. c4 Nc6 3. Nc3 e5 4. g3 g6 5. Bg2 Bg7 6. a3 a5 7. O-O Nge7 8. Ne1
O-O 9. Nc2 d6 10. Ne3 Be6 11. Ned5 Rb8 12. d3 h6 13. Rb1 Kh7 14. Bd2 f5 15. Nb5
Bxd5 16. cxd5 Nd4 17. Nc3 b5 18. e3 b4 19. exd4 bxc3 20. bxc3 exd4 21. c4 Rxb1
22. Qxb1 g5 23. Qb5 Ng6 24. Bxa5 Qa8 25. Bc7 Rf6 26. a4 Ne5 27. Rd1 Rf7 28.
Bxd6 Rb7 29. Qxc5 Qxa4 30. Rf1 Nxd3 31. Qc6 Qb3 32. Qc8 Rf7 33. Qe8 Rf6 34. Be7
Rg6 35. d6 Ne5 36. Bd5 h5 37. Qg8+ Kh6 38. Bf8 1-0

[Event "Continental Class"]
[Site "Arlington USA"]
[Date "2013.10.13"]
[Round "7.6"]
[White "Cheng, Bindi"]
[Black "Homa, Seth"]
[Result "1-0"]
[WhiteElo "2442"]
[BlackElo "2351"]
[PlyCount "65"]
[EventDate "2013.10.09"]
[EventType "swiss"]
[EventRounds "9"]
[EventCountry "USA"]
[Source "Mark Crowther"]
[SourceDate "2013.10.21"]

1. Nf3 c5 2. c4 Nc6 3. Nc3 g6 4. e3 Nf6 5. d4 cxd4 6. exd4 d5 7. cxd5 Nxd5 8.
Qb3 e6 9. Bg5 f6 10. Bd2 Nce7 11. Bb5+ Kf7 12. O-O Bg7 13. Rfe1 Rf8 14. Re2 Kg8
15. a4 g5 16. h3 h5 17. Bc4 g4 18. hxg4 hxg4 19. Nh4 Nc6 20. Be3 Na5 21. Qa2
Nxc4 22. Qxc4 Qd6 23. Nf5 Qb4 24. Qa2 Nxe3 25. Rxe3 Rf7 26. Rae1 Bd7 27. Rxe6
Bxe6 28. Qxe6 Rd8 29. Re4 Kf8 30. Nd5 Qxa4 31. Nf4 Bh8 32. Ng6+ Kg8 33. Nxh8
1-0

[Event "Continental Class"]
[Site "Arlington USA"]
[Date "2013.10.13"]
[Round "8"]
[White "Smith, Bryan"]
[Black "Cheng, Bindi"]
[Result "0-1"]
[WhiteElo "2448"]
[BlackElo "2442"]
[PlyCount "72"]
[EventDate "2013.10.09"]
[EventType "swiss"]
[EventRounds "9"]
[EventCountry "USA"]
[Source "ChessBase"]
[SourceDate "2013.10.22"]

1. e4 c5 2. Nf3 d6 3. d4 Nf6 4. Nc3 cxd4 5. Nxd4 a6 6. h3 e6 7. g4 Be7 8. Bg2
Nfd7 9. Be3 Nc6 10. a4 O-O 11. O-O Rb8 12. Qe2 Nxd4 13. Bxd4 b6 14. Be3 Bb7 15.
f4 Re8 16. g5 Qc7 17. h4 Bf8 18. Rad1 Nc5 19. h5 Bc6 20. b3 b5 21. axb5 axb5
22. Bxc5 dxc5 23. e5 c4 24. Bxc6 Qxc6 25. Ne4 Red8 26. g6 Be7 27. gxf7+ Kxf7
28. Kh2 Rxd1 29. Rxd1 Kf8 30. Rg1 cxb3 31. cxb3 Rc8 32. Rg2 Qd5 33. Nd2 Rc2 34.
f5 Bg5 35. Qf1 Qxe5+ 36. Kh3 Rxd2 0-1

[Event "Alliston op"]
[Site "Alliston CAN"]
[Date "2011.10.15"]
[Round "2"]
[White "Xu, Haizhou"]
[Black "Cheng, Bindi"]
[Result "1-0"]
[WhiteElo "2224"]
[BlackElo "2516"]
[PlyCount "129"]
[EventDate "2011.10.14"]
[EventType "swiss"]
[EventRounds "5"]
[EventCountry "CAN"]

1. Nf3 f5 2. g3 Nf6 3. Bg2 g6 4. O-O Bg7 5. c4 O-O 6. Nc3 d6 7. d3 h6 8. Rb1 e5
9. c5 g5 10. cxd6 cxd6 11. b4 Be6 12. Bxg5 hxg5 13. Nxg5 Qd7 14. Nxe6 Qxe6 15.
Bxb7 Nbd7 16. Bxa8 Rxa8 17. Qb3 d5 18. e4 f4 19. Nxd5 Kh8 20. Kg2 f3+ 21. Kxf3
Qh3 22. Ke2 Ng4 23. Ne7 Qh5 24. Qe6 Ngf6+ 25. f3 Re8 26. g4 Qh6 27. h4 Nf8 28.
Qf7 Rxe7 29. Qxe7 Ng6 30. Qd8+ Ng8 31. g5 Nf4+ 32. Kd2 Qe6 33. Rbc1 Kh7 34. Rh1
Qxa2+ 35. Rc2 Qb3 36. Qd6 Ne6 37. Rb1 Qxb1 38. Qxe6 Qxb4+ 39. Ke2 Ne7 40. h5
Qb1 41. Rc7 Qb2+ 42. Ke1 Qb1+ 43. Kf2 Qb2+ 44. Kg3 Qb1 45. Qh3 Qg1+ 46. Kh4 Qe3
47. Qg3 Bf8 48. Qxe5 Kg8 49. Qe6+ Kh8 50. Qe5+ Kg8 51. Qg3 Qd4 52. f4 Qd6 53.
Rxa7 Nc6 54. Ra8 Kf7 55. f5 Ne5 56. Ra5 Bg7 57. Rd5 Qe7 58. f6 Bxf6 59. gxf6
Qxf6+ 60. Kh3 Qf1+ 61. Qg2 Qf4 62. Rxe5 Qxe5 63. Qg6+ Ke7 64. h6 Qc3 65. Qg7+
1-0

[Event "Thanksgiving op"]
[Site "Toronto CAN"]
[Date "2011.10.08"]
[Round "2"]
[White "Cheng, Bindi"]
[Black "Semianiuk, Konstantin"]
[Result "1-0"]
[WhiteElo "2533"]
[BlackElo "2204"]
[PlyCount "95"]
[EventDate "2011.10.08"]
[EventType "swiss"]
[EventRounds "6"]
[EventCountry "CAN"]

1. d4 d5 2. Nf3 Nf6 3. c4 c6 4. cxd5 cxd5 5. Nc3 Nc6 6. Bf4 a6 7. Rc1 e6 8. e3
Be7 9. h3 Bd7 10. Bd3 b5 11. O-O O-O 12. a4 b4 13. Nb1 Qb6 14. Nbd2 Rfc8 15.
Qe2 Na5 16. Ra1 b3 17. Ne5 Be8 18. Bg5 Qb4 19. Rfd1 Qb7 20. Qf3 Nc6 21. Bb1 h6
22. Bh4 Nxe5 23. dxe5 Nh7 24. Bxe7 Qxe7 25. Qe2 Nf8 26. e4 Qb4 27. exd5 exd5
28. Qg4 Qxg4 29. hxg4 Rab8 30. Ra3 Rb4 31. Bf5 Rcb8 32. a5 Rd4 33. f3 g6 34.
Bb1 Nd7 35. Kf2 Nxe5 36. Ke3 Rdb4 37. Rc1 Nc4+ 38. Nxc4 Rxc4 39. Rd1 Ra4 40.
Rxa4 Bxa4 41. Rxd5 Re8+ 42. Kd2 Re6 43. Bd3 Kg7 44. Rd4 Be8 45. Rd8 Ba4 46. Kc3
Kf6 47. Kb4 Bc6 48. Bxa6 1-0

[Event "Thanksgiving op"]
[Site "Toronto CAN"]
[Date "2011.10.08"]
[Round "3"]
[White "Gusev, Nikita"]
[Black "Cheng, Bindi"]
[Result "0-1"]
[WhiteElo "2230"]
[BlackElo "2533"]
[PlyCount "84"]
[EventDate "2011.10.08"]
[EventType "swiss"]
[EventRounds "6"]
[EventCountry "CAN"]

1. e4 c5 2. Nf3 d6 3. d4 cxd4 4. Nxd4 Nf6 5. Nc3 a6 6. Be2 e5 7. Nb3 Be7 8. Bg5
Be6 9. Qd2 Nbd7 10. O-O-O b5 11. h4 b4 12. Nd5 Bxd5 13. Bxf6 Nxf6 14. exd5 Qb6
15. f3 O-O 16. g4 a5 17. Qd3 Nd7 18. Nd2 Nc5 19. Qe3 Rfc8 20. Nc4 Qd8 21. Kb1
Na4 22. g5 Rc5 23. f4 Qc7 24. Qe4 Rc8 25. Bd3 g6 26. Ne3 Qb7 27. Ka1 f5 28.
gxf6 Bxf6 29. f5 R5c7 30. fxg6 Nc5 31. gxh7+ Kh8 32. Qg6 Bg7 33. Bf5 Rb8 34. h5
b3 35. Rh2 bxc2 36. Rxc2 e4 37. Nc4 Nb3+ 38. axb3 Qxb3 39. h6 Qxc2 40. Rd2 Qxc4
41. hxg7+ Rxg7 42. Qxd6 Rg1+ 0-1

[Event "Thanksgiving op"]
[Site "Toronto CAN"]
[Date "2011.10.09"]
[Round "5"]
[White "Cheng, Bindi"]
[Black "Day, Lawrence"]
[Result "1/2-1/2"]
[WhiteElo "2533"]
[BlackElo "2212"]
[PlyCount "43"]
[EventDate "2011.10.08"]
[EventType "swiss"]
[EventRounds "6"]
[EventCountry "CAN"]

1. d4 d6 2. g3 g6 3. Bg2 Bg7 4. e4 Nc6 5. Be3 e5 6. d5 Nce7 7. g4 f5 8. f3 c6
9. c4 Bh6 10. Bxh6 Nxh6 11. h3 fxe4 12. fxe4 g5 13. Nc3 Ng6 14. Qd2 Nf4 15.
O-O-O c5 16. Bf3 a6 17. Nge2 b5 18. Nxf4 gxf4 19. Qf2 bxc4 20. Rdg1 Rg8 21. Rg2
Ra7 22. Rhg1 1/2-1/2

[Event "Thanksgiving op"]
[Site "Toronto CAN"]
[Date "2011.10.10"]
[Round "6"]
[White "Cheng, Bindi"]
[Black "Sapozhnikov, Roman"]
[Result "0-1"]
[WhiteElo "2533"]
[BlackElo "2449"]
[PlyCount "76"]
[EventDate "2011.10.08"]
[EventType "swiss"]
[EventRounds "6"]
[EventCountry "CAN"]

1. b4 e5 2. Bb2 Bxb4 3. Bxe5 Nf6 4. c4 O-O 5. Nf3 Nc6 6. Bb2 d5 7. cxd5 Nxd5 8.
e3 Bf5 9. Be2 Nde7 10. Qb3 a5 11. a4 Ng6 12. O-O Qe7 13. Nc3 Be6 14. Qc2 Rad8
15. Nb5 Bd5 16. d3 f5 17. Rfd1 Rfe8 18. Nc3 Bf7 19. Bf1 f4 20. e4 Nh4 21. Nxh4
Nd4 22. Nd5 Nxc2 23. Nxe7+ Bxe7 24. Rac1 Bxh4 25. Rxc2 Bb3 26. Rxc7 Bxd1 27.
Rxg7+ Kf8 28. Rxh7 Be7 29. g3 fxg3 30. hxg3 Bc5 31. Bh3 Rxd3 32. Bd7 Rxe4 33.
Rh8+ Ke7 34. Bb5 Rxg3+ 35. Kh2 Rgg4 36. Rh7+ Kf8 37. Rxb7 Bd6+ 38. Kh3 Rh4+ 0-1

[Event "Labour Day op"]
[Site "Langley CAN"]
[Date "2011.09.03"]
[Round "1.1"]
[White "Saldanha, Daniel"]
[Black "Cheng, Bindi"]
[Result "0-1"]
[WhiteElo "1783"]
[BlackElo "2530"]
[PlyCount "56"]
[EventDate "2011.09.03"]
[EventType "swiss"]
[EventRounds "6"]
[EventCountry "CAN"]

1. e4 d5 2. exd5 Qxd5 3. Nc3 Qd6 4. d4 Nf6 5. Nf3 a6 6. h3 b5 7. a3 Bb7 8. Be2
e6 9. O-O Nbd7 10. Be3 h6 11. Ne1 e5 12. dxe5 Nxe5 13. Nd3 Qc6 14. f3 Nc4 15.
Bf2 Nxb2 16. Qe1 Nc4 17. Nb2 O-O-O 18. Nxc4 bxc4 19. Qc1 g5 20. Qb2 Bg7 21. Qb4
g4 22. Qxc4 Qxc4 23. Bxc4 gxf3 24. Bxf7 Rd6 25. gxf3 Rf8 26. Bb3 Nh5 27. Ne4
Rg6+ 28. Kh1 Bxa1 0-1

[Event "Labour Day op"]
[Site "Langley CAN"]
[Date "2011.09.03"]
[Round "2.1"]
[White "Cheng, Bindi"]
[Black "Cheng, Jack"]
[Result "1-0"]
[WhiteElo "2530"]
[BlackElo "1965"]
[PlyCount "45"]
[EventDate "2011.09.03"]
[EventType "swiss"]
[EventRounds "6"]
[EventCountry "CAN"]

1. d4 Nf6 2. Bg5 Ne4 3. Bf4 d5 4. e3 g6 5. Bd3 Bg7 6. Bxe4 dxe4 7. Nc3 f5 8.
Nge2 O-O 9. h4 Be6 10. h5 Bf7 11. Qd2 Nc6 12. hxg6 hxg6 13. Bg5 Qd7 14. f3 exf3
15. gxf3 e5 16. O-O-O a5 17. Qe1 Qe8 18. d5 Nb4 19. Qh4 Bxd5 20. Nxd5 Nxa2+ 21.
Kb1 Nb4 22. Ne7+ Kf7 23. Qc4+ 1-0

[Event "CAN-op (Pinnacle 48th CAN Op Ch)"]
[Site "Toronto CAN"]
[Date "2011.07.09"]
[Round "1"]
[White "Orlova, Yelizaveta"]
[Black "Cheng, Bindi"]
[Result "0-1"]
[WhiteElo "2073"]
[BlackElo "2500"]
[PlyCount "84"]
[EventDate "2011.07.09"]
[EventType "swiss"]
[EventRounds "9"]
[EventCountry "CAN"]

1. b3 d5 2. Bb2 c6 3. e3 Bf5 4. Nf3 e6 5. d4 Nd7 6. Bd3 Bg6 7. c4 Ngf6 8. Bxg6
hxg6 9. Nbd2 a5 10. Qe2 a4 11. O-O Qb8 12. Ne5 Bb4 13. Ndf3 a3 14. Bc1 Bd6 15.
h3 Nxe5 16. dxe5 Bxe5 17. Nxe5 Qxe5 18. Bd2 Ne4 19. Rfd1 O-O 20. f3 Nxd2 21.
Qxd2 Rfd8 22. Qd4 Qxd4 23. exd4 dxc4 24. bxc4 Ra4 25. Rac1 b5 26. cxb5 cxb5 27.
Rc3 Kf8 28. Kf2 Raxd4 29. Rxd4 Rxd4 30. Rxa3 Ra4 31. Rxa4 bxa4 32. Ke3 Ke7 33.
Kd4 Kd6 34. f4 f6 35. g4 e5+ 36. Ke4 Ke6 37. fxe5 fxe5 38. h4 a3 39. Ke3 Kd5
40. Kd3 e4+ 41. Ke3 Ke5 42. Ke2 Kf4 0-1

[Event "CAN-op (Pinnacle 48th CAN Op Ch)"]
[Site "Toronto CAN"]
[Date "2011.07.11"]
[Round "3"]
[White "Sambuev, Bator"]
[Black "Cheng, Bindi"]
[Result "1-0"]
[WhiteElo "2739"]
[BlackElo "2500"]
[PlyCount "71"]
[EventDate "2011.07.09"]
[EventType "swiss"]
[EventRounds "9"]
[EventCountry "CAN"]

1. c4 Nf6 2. Nc3 c6 3. e4 d5 4. exd5 cxd5 5. d4 g6 6. Qb3 Bg7 7. cxd5 O-O 8.
Be2 Nbd7 9. Bf3 Nb6 10. Nge2 Bg4 11. Bxg4 Nxg4 12. a4 a5 13. O-O Qd6 14. Bf4
Qb4 15. Qd1 Nf6 16. d6 exd6 17. Ra3 Nfd5 18. Rb3 Qc4 19. Bxd6 Rfe8 20. Nxd5
Nxd5 21. Rd3 Rad8 22. Be5 Bxe5 23. dxe5 Rxe5 24. b3 Qc5 25. Nf4 Rd7 26. g3 Nc3
27. Qf3 Rxd3 28. Nxd3 Rf5 29. Nxc5 Rxf3 30. Kg2 Rf5 31. Nxb7 Ne4 32. Re1 Nd2
33. Nd6 Rd5 34. Re8+ Kg7 35. Rd8 Kf6 36. Ne4+ 1-0

[Event "CAN-op (Pinnacle 48th CAN Op Ch)"]
[Site "Toronto CAN"]
[Date "2011.07.12"]
[Round "4"]
[White "Cheng, Bindi"]
[Black "Gusev, Nikita"]
[Result "1-0"]
[WhiteElo "2500"]
[BlackElo "2223"]
[PlyCount "61"]
[EventDate "2011.07.09"]
[EventType "swiss"]
[EventRounds "9"]
[EventCountry "CAN"]

1. d4 Nf6 2. Nf3 e6 3. g3 d5 4. Bg2 Be7 5. O-O O-O 6. c4 dxc4 7. Qc2 a6 8. a4
Bd7 9. Qxc4 Bc6 10. Bf4 Nbd7 11. Nc3 Nb6 12. Qb3 Nfd5 13. Bd2 Nxc3 14. Bxc3 Qe8
15. a5 Nd5 16. Bd2 Nf6 17. Rfe1 Rc8 18. Ne5 Bxg2 19. Kxg2 Qd8 20. Qxb7 c5 21.
Kg1 Qxd4 22. Bc3 Qd6 23. Red1 Nd5 24. e4 Qc7 25. Qxc7 Nxc7 26. Rd7 Bd8 27. Rd6
Be7 28. Rc6 Rfd8 29. Nc4 Nb5 30. Rxa6 Nxc3 31. bxc3 1-0

[Event "CAN-op (Pinnacle 48th CAN Op Ch)"]
[Site "Toronto CAN"]
[Date "2011.07.15"]
[Round "7"]
[White "Regan, Kenneth"]
[Black "Cheng, Bindi"]
[Result "0-1"]
[WhiteElo "2422"]
[BlackElo "2500"]
[PlyCount "118"]
[EventDate "2011.07.09"]
[EventType "swiss"]
[EventRounds "9"]
[EventCountry "CAN"]

1. e4 d5 2. exd5 Nf6 3. c4 c6 4. d4 cxd5 5. Nc3 g6 6. cxd5 Bg7 7. Qa4+ Nbd7 8.
g3 O-O 9. Bg2 Nb6 10. Qb3 Bf5 11. Nge2 Bd3 12. d6 exd6 13. Qd1 Ba6 14. O-O Qd7
15. b3 Rfe8 16. Re1 Qf5 17. Bf4 g5 18. Bxd6 Ng4 19. f3 Ne3 20. Qd2 Nc2 21. Rad1
Nxe1 22. Rxe1 Rad8 23. Ne4 Qd5 24. Bc5 Bxe2 25. Rxe2 f5 26. Nxg5 Rxe2 27. Qxe2
Bxd4+ 28. Bxd4 Qxd4+ 29. Kf1 Qd1+ 30. Qxd1 Rxd1+ 31. Ke2 Ra1 32. a4 Ra2+ 33.
Kf1 Nd5 34. Kg1 Ne3 35. Bh3 Rb2 36. Ne6 Rxb3 37. Kf2 Ra3 38. Nd8 b6 39. Nc6 Nc4
40. Bxf5 Ra2+ 41. Kg1 Rxa4 42. Nxa7 Ne5 43. Nc8 Nxf3+ 44. Kf2 Nd4 45. Bd3 Rb4
46. Ke3 Ne6 47. Nd6 Kg7 48. h4 Rb3 49. Kd2 Nc5 50. Bc2 Ra3 51. g4 Ne6 52. Nf5+
Kh8 53. Bd3 Nc5 54. Bc4 Ne4+ 55. Ke2 Ng3+ 56. Nxg3 Rxg3 57. Be6 Rh3 58. h5 h6
59. Kd2 Rg3 0-1

[Event "CAN-op (Pinnacle 48th CAN Op Ch)"]
[Site "Toronto CAN"]
[Date "2011.07.17"]
[Round "9"]
[White "Cheng, Bindi"]
[Black "Mikhalevski, Victor"]
[Result "1/2-1/2"]
[WhiteElo "2500"]
[BlackElo "2664"]
[PlyCount "80"]
[EventDate "2011.07.09"]
[EventType "swiss"]
[EventRounds "9"]
[EventCountry "CAN"]

1. d4 d5 2. c4 e6 3. Nf3 Nf6 4. g3 dxc4 5. Bg2 Bb4+ 6. Bd2 c5 7. dxc5 Bxc5 8.
O-O O-O 9. Qc2 Nbd7 10. Qxc4 b5 11. Qxb5 Rb8 12. Qc4 Rxb2 13. Bc3 Qc7 14. Qd3
Rb8 15. Nbd2 Bb7 16. Rac1 Qb6 17. Nc4 Qa6 18. Nce5 Qxd3 19. Nxd3 Ba3 20. Rb1
Bd5 21. Nfe5 Rbc8 22. Nxd7 Nxd7 23. Bxd5 Rxc3 24. Rb7 Nc5 25. Nxc5 Bxc5 26. Bb3
Rd8 27. Rd1 Rxd1+ 28. Bxd1 Rc1 29. Rd7 Ra1 30. Rd8+ Bf8 31. Rd2 g6 32. Kg2 Bc5
33. Bb3 Bb6 34. e3 Rb1 35. h4 Rc1 36. Rd7 Kf8 37. Rb7 h5 38. Rb8+ Ke7 39. Rb7+
Rc7 40. Rxc7+ Bxc7 1/2-1/2

[Event "Paul Keres mem (36th)"]
[Site "Richmond CAN"]
[Date "2011.05.20"]
[Round "1.2"]
[White "Soliven, Joe"]
[Black "Cheng, Bindi"]
[Result "0-1"]
[WhiteElo "2084"]
[BlackElo "2500"]
[PlyCount "108"]
[EventDate "2011.05.20"]
[EventType "swiss"]
[EventRounds "7"]
[EventCountry "CAN"]

1. e4 d5 2. e5 c5 3. d4 cxd4 4. Nf3 Nc6 5. Bd3 Bg4 6. Qe2 Bxf3 7. gxf3 e6 8. a3
a5 9. b3 Nge7 10. f4 Ng6 11. Qh5 Qh4 12. Qxh4 Nxh4 13. Ke2 Be7 14. Rg1 g6 15.
Nd2 O-O 16. Rg4 Rae8 17. Bb2 Nf5 18. Nf3 f6 19. h4 Ng7 20. Rag1 Nh5 21. Bc1 Kh8
22. Bb5 Bc5 23. Bxc6 bxc6 24. a4 Bb6 25. Kd3 c5 26. Re1 Bc7 27. Bd2 fxe5 28.
Nxe5 Nf6 29. Rg2 Ne4 30. Rxe4 dxe4+ 31. Kxe4 Rf5 32. f3 Kg7 33. Rf2 Ra8 34. Nc4
Kf8 35. Nb2 Ke7 36. Nd3 Kd7 37. Ne5+ Kc8 38. Rh2 Kb7 39. Bc1 Raf8 40. Rh3 Ka6
41. Bd2 Rd8 42. Nd3 Rdd5 43. Rh1 Rh5 44. Rh2 g5 45. Rg2 Rxh4 46. Be1 Rh5 47.
Bd2 h6 48. Be1 Rf5 49. Bd2 Rh4 50. Bc1 Kb6 51. Bd2 Rh1 52. fxg5 Rh4+ 53. f4
hxg5 54. Rf2 Bxf4 0-1

[Event "Paul Keres mem (36th)"]
[Site "Richmond CAN"]
[Date "2011.05.21"]
[Round "2.1"]
[White "Cheng, Bindi"]
[Black "McLaren, Brian"]
[Result "1-0"]
[WhiteElo "2500"]
[BlackElo "2211"]
[PlyCount "49"]
[EventDate "2011.05.20"]
[EventType "swiss"]
[EventRounds "7"]
[EventCountry "CAN"]

1. d4 d5 2. c4 e6 3. Nf3 c6 4. Qc2 f5 5. Bf4 Nf6 6. e3 Be7 7. h3 Ne4 8. Nc3 Nd7
9. g4 Nxc3 10. bxc3 Nf6 11. Ne5 Qa5 12. f3 c5 13. Bd3 cxd4 14. exd4 dxc4 15.
Nxc4 Qd5 16. O-O O-O 17. Ne3 Qa5 18. gxf5 Nd5 19. Nxd5 Qxd5 20. Qe2 Bh4 21. Be5
Qa5 22. Qe4 Bf6 23. fxe6 Bxe6 24. Qxh7+ Kf7 25. Qh5+ 1-0

[Event "Paul Keres mem (36th)"]
[Site "Richmond CAN"]
[Date "2011.05.21"]
[Round "3.1"]
[White "Doroshenko, Maxim"]
[Black "Cheng, Bindi"]
[Result "1/2-1/2"]
[WhiteElo "2295"]
[BlackElo "2500"]
[PlyCount "69"]
[EventDate "2011.05.20"]
[EventType "swiss"]
[EventRounds "7"]
[EventCountry "CAN"]

1. d4 Nf6 2. c4 c5 3. d5 e6 4. Nc3 exd5 5. cxd5 d6 6. e4 g6 7. Nf3 Bg7 8. Be2
O-O 9. O-O Re8 10. Nd2 Nbd7 11. h3 a6 12. a4 Qc7 13. Qc2 Rb8 14. a5 b5 15. axb6
Nxb6 16. Nc4 Nxc4 17. Bxc4 Rb4 18. Qe2 a5 19. Ra2 Qb6 20. b3 Bf5 21. Bd2 Qd8
22. Qd1 Bd7 23. Qc2 Rb8 24. Bf4 Bc8 25. Bh2 Bf8 26. f4 Bg7 27. Qf2 Nd7 28. e5
dxe5 29. fxe5 Nxe5 30. Bxe5 Rxe5 31. Qxf7+ Kh8 32. Nb5 Ba6 33. Qc7 Bxb5 34.
Qxd8+ Rxd8 35. Bxb5 1/2-1/2

[Event "Paul Keres mem (36th)"]
[Site "Richmond CAN"]
[Date "2011.05.22"]
[Round "4.2"]
[White "Cheng, Bindi"]
[Black "Gentes, Kevin"]
[Result "1-0"]
[WhiteElo "2500"]
[BlackElo "2270"]
[PlyCount "95"]
[EventDate "2011.05.20"]
[EventType "swiss"]
[EventRounds "7"]
[EventCountry "CAN"]

1. d4 Nf6 2. Bg5 e6 3. c3 d5 4. Nd2 Be7 5. e3 c5 6. Ngf3 Nbd7 7. Bd3 b6 8. a4
a6 9. Qb1 Qc7 10. O-O h6 11. Bh4 Bb7 12. b4 c4 13. Bc2 Bd6 14. e4 dxe4 15. Nxe4
Nxe4 16. Bxe4 O-O 17. Re1 Rfe8 18. Bxb7 Qxb7 19. Nd2 Qc7 20. Nf1 Be7 21. Bxe7
Rxe7 22. Qe4 Rae8 23. Ne3 Nf6 24. Qe5 Qxe5 25. dxe5 Nd5 26. Nxd5 exd5 27. f4 f6
28. Rad1 fxe5 29. Rxd5 exf4 30. Rxe7 Rxe7 31. Rd6 Re3 32. Rxb6 Rxc3 33. Rxa6
Rb3 34. b5 c3 35. Rc6 Rb4 36. Rxc3 Rxa4 37. Rb3 Ra7 38. b6 Rb7 39. h4 g5 40.
Kf2 g4 41. Rb4 Kg7 42. h5 Kf6 43. Rxf4+ Kg5 44. Rb4 Kxh5 45. Kg3 Kg5 46. Rb5+
Kf6 47. Kxg4 Kg6 48. Kf4 1-0

[Event "Paul Keres mem (36th)"]
[Site "Richmond CAN"]
[Date "2011.05.22"]
[Round "5.1"]
[White "Orlov, Georgi"]
[Black "Cheng, Bindi"]
[Result "1-0"]
[WhiteElo "2537"]
[BlackElo "2500"]
[PlyCount "71"]
[EventDate "2011.05.20"]
[EventType "swiss"]
[EventRounds "7"]
[EventCountry "CAN"]

1. e4 c5 2. Nf3 d6 3. d4 cxd4 4. Nxd4 Nf6 5. Nc3 a6 6. f4 e6 7. Qf3 Qb6 8. Nb3
Qc7 9. Bd3 b5 10. g4 Bb7 11. g5 Nfd7 12. O-O Be7 13. Qh3 Nc5 14. f5 b4 15. Ne2
Nxd3 16. cxd3 e5 17. f6 gxf6 18. gxf6 Bf8 19. Ng3 Nd7 20. Be3 Qc2 21. Rfd1 Qxb2
22. Na5 Bc8 23. Nc4 Qc2 24. Rac1 Qxa2 25. Nf5 Kd8 26. Rd2 Qb3 27. Rb2 Rg8+ 28.
Kh1 Qa4 29. Ncxd6 Nxf6 30. Nxc8 Ng4 31. Nb6 Qa3 32. Rbc2 Bc5 33. Bxc5 Ke8 34.
Nxa8 Kd7 35. Nb6+ Ke6 36. Nh6 1-0

[Event "Paul Keres mem (36th)"]
[Site "Richmond CAN"]
[Date "2011.05.23"]
[Round "6.2"]
[White "Cheng, Bindi"]
[Black "Pechisker, Alfred"]
[Result "1-0"]
[WhiteElo "2500"]
[BlackElo "2282"]
[PlyCount "43"]
[EventDate "2011.05.20"]
[EventType "swiss"]
[EventRounds "7"]
[EventCountry "CAN"]

1. d4 Nf6 2. Bg5 d5 3. Bxf6 exf6 4. e3 Be6 5. Nd2 Nd7 6. Ne2 c6 7. g3 Bd6 8.
Bg2 f5 9. Rc1 Qa5 10. O-O Qxa2 11. Ra1 Qxb2 12. Nb3 Ne5 13. dxe5 Qxe5 14. Na5
Rb8 15. Rb1 Bc8 16. c4 Bc7 17. Qa4 O-O 18. cxd5 cxd5 19. Rfd1 Be6 20. Nxb7 Bb6
21. Na5 Rbc8 22. Nc6 1-0

[Event "Paul Keres mem (36th)"]
[Site "Richmond CAN"]
[Date "2011.05.23"]
[Round "7.2"]
[White "Cheng, Bindi"]
[Black "Villavieja, Butch"]
[Result "1/2-1/2"]
[WhiteElo "2500"]
[BlackElo "2309"]
[PlyCount "167"]
[EventDate "2011.05.20"]
[EventType "swiss"]
[EventRounds "7"]
[EventCountry "CAN"]

1. d4 Nf6 2. Bg5 Ne4 3. Bf4 c5 4. f3 Qa5+ 5. c3 Nf6 6. Nd2 cxd4 7. Nb3 Qb6 8.
Qxd4 Qxd4 9. cxd4 d5 10. Rc1 Nc6 11. e3 e6 12. g4 h6 13. h4 Be7 14. Ne2 Bd7 15.
Nc3 a6 16. Na4 Nxd4 17. Nb6 Nxb3 18. axb3 Rd8 19. Bc7 Bc6 20. Rh3 Nd7 21. Bxd8
Bxd8 22. Na4 Ba5+ 23. Kf2 Ke7 24. Bd3 Ne5 25. Be2 Nd7 26. Rhh1 Bb4 27. Bd3 g6
28. Rhd1 Rc8 29. f4 Nf6 30. g5 Ng4+ 31. Ke2 h5 32. e4 d4 33. Rc4 Bd6 34. e5 Bb8
35. Rxd4 Ba7 36. Rd6 Ne3 37. Rc1 Nd5 38. Rxd5 exd5 39. Nc3 Rd8 40. Nd1 a5 41.
Nf2 Bd4 42. Rc2 Bb6 43. Rd2 Bd7 44. Kf3 Rc8 45. Bc2 Be6 46. f5 gxf5 47. Nh3 Bc7
48. Kf4 a4 49. Bxf5 axb3 50. Bxe6 Kxe6 51. Re2 Bb8 52. g6 f6 53. Kf3 fxe5 54.
Nf4+ Kd6 55. Nxh5 e4+ 56. Kg4 Ke6 57. Re3 Be5 58. Rxb3 Rc2 59. Rb6+ Kd7 60.
Rxb7+ Kc6 61. Re7 Bxb2 62. g7 Rg2+ 63. Ng3 Bxg7 64. Rxg7 d4 65. Re7 e3 66. Kh3
Rf2 67. h5 Kd6 68. Re8 Kd5 69. Kg4 Kc4 70. h6 d3 71. Re4+ Kc3 72. Rxe3 Kc2 73.
Ne4 Re2 74. Kf4 Rh2 75. Kg5 Re2 76. h7 Rxe3 77. h8=Q Rxe4 78. Qh7 Rc4 79. Qf5
Kc3 80. Qa5+ Kc2 81. Qa2+ Kc3 82. Qa5+ Kc2 83. Qa2+ Kc3 84. Qa5+ 1/2-1/2

[Event "Hart House Reading Week op"]
[Site "Toronto CAN"]
[Date "2011.02.19"]
[Round "1"]
[White "Cheng, Bindi"]
[Black "Shebetah, Wajdy"]
[Result "1-0"]
[WhiteElo "2503"]
[BlackElo "2204"]
[PlyCount "39"]
[EventDate "2011.02.19"]
[EventType "swiss"]
[EventRounds "6"]
[EventCountry "CAN"]

1. d4 e6 2. Nf3 f5 3. c4 Nf6 4. Nc3 d5 5. Bf4 c6 6. e3 Be7 7. h3 O-O 8. g4 Ne4
9. gxf5 exf5 10. Qb3 Kh8 11. Rc1 Qa5 12. a3 Nd7 13. cxd5 Nxc3 14. Rxc3 Qxd5 15.
Qxd5 cxd5 16. Rg1 Nf6 17. Rc7 Bd7 18. Be5 Ba4 19. Rxe7 Rac8 20. Bd3 1-0